000 00677nam a2200205 4500
001 114012
003 DR-UNIBE
005 20250804162625.0
008 250804b199 ho ||||| |||| 00| 0 spa d
040 _aBIBLIOTECA UNIBE
_cBIBLIOTECA UNIBE
_bspa
_erda
041 _aspa
082 _222
_a351.9782 R426m
110 _aRepública de Honduras. Ministerio Público
_9198194
_eautor
245 _aEl Ministerio púbico :
_bun desafío
260 _aTegucigalpa :
_b[Editor no identificado],
_c1999
300 _a117 páginas:
_c20 x 13 cm
650 7 _aMinisterio público
_zHonduras
_9198195
651 7 _2lemb
_aHonduras
_xAdministración pública
_9198193
942 _2ddc
_cBK
999 _c114012
_d114012